| 000 | 00603nam a22001937a 4500 | ||
|---|---|---|---|
| 005 | 20251108165949.0 | ||
| 008 | 250721s1984 xx 000 0 ara d | ||
| 082 | 1 | 4 | _aق/مار |
| 100 | 1 | _aماركيز، جبرييل جارسيا | |
| 245 | 1 | 0 |
_aالميراث الدامي : _bمجموعة قصص / |
| 264 | 1 |
_aالقاهره : _bدار الهلال، _c1984. |
|
| 300 | _a153ص | ||
| 490 | 0 | _aروايات الهلال ؛ 428 | |
| 650 | 1 | 7 | _aالأدب العربي |
| 650 | 1 | 7 | _aالأدب القصصي |
| 700 | 1 |
_aمسعود، محمود _eترجمة |
|
| 942 |
_2ddc _cBK |
||
| 999 |
_c36025 _d36025 |
||